| 000 | 02810cam a2200301 i 4500 | ||
|---|---|---|---|
| 001 | 991107288634606196 | ||
| 005 | 20260304135620.0 | ||
| 008 | 230711t20232023fr a bq 000 1 fre d | ||
| 020 |
_a9782021505177 _q(paperback) _c19,50 EUR |
||
| 020 | _a2021505170 | ||
| 035 | _a(Fr-PaAMA)AAL08285533-0001 | ||
| 040 |
_aFr-PaAMA _beng _erda _ctbs |
||
| 041 | _aFrench | ||
| 050 | 4 |
_aPQ2707.H94 _bP37 2023 |
|
| 100 |
_aGhys, Clément, - 1985- author. _d1985- _eauthor. |
||
| 245 | 1 | 3 |
_aLe passant du Bowery _c/ Clément Ghys. |
| 264 | 1 |
_aParis XIXe : _bÉditions du Seuil, _c[2023] |
|
| 300 |
_a280 pages : _billustration ; _c21 cm |
||
| 500 | _a"Récit"--Cover. | ||
| 504 | _aIncludes bibliographical references and filmography (pages 275-278). | ||
| 520 | _a222 Bowery, sud-est de Manhattan. L’adresse a abrité, dit-on, l’atelier de Fernand Léger pendant la guerre. Mark Rothko y a peint des toiles décisives pour la suite de son oeuvre. Dans les années 1960, le poète John Giorno y a organisé des soirées extravagantes où la bohème se pressait autour de William Burroughs. Le mage de la Beat Generation, après des années d’errance, s’était en effet installé dans l’entresol sans fenêtres surnommé le Bunker. Le 222 revit ici au gré des déambulations du passant du Bowery, narrateur énigmatique et fasciné qui, pièce par pièce, étage après étage, nous entraîne avec une nostalgie fougueuse dans la douceur enfiévrée des nuits et des jours de cet immeuble tout aussi méconnu que mythique. Clément Ghys est rédacteur en chef adjoint de M le magazine du Monde. | ||
| 520 | _a222 Bowery, south-east Manhattan. The address is said to have housed Fernand Léger’s studio during the war. Mark Rothko painted canvases there that proved decisive for the rest of his work. In the 1960s, the poet John Giorno hosted extravagant gatherings where the bohemian crowd flocked around William Burroughs. The magician-like figure of the Beat Generation had, after years of wandering, settled in the windowless mezzanine known as the Bunker. The building at 222 comes back to life here through the wanderings of the Bowery passer-by, an enigmatic and fascinated narrator who, room by room and floor by floor, leads us with fervent nostalgia into the feverish sweetness of the nights and days spent in this building, as little known as it is mythical. Clément Ghys is deputy editor-in-chief of M, the magazine of Le Monde. | ||
| 650 | 0 |
_aBeat generation — New York (State) — New York. _926777 |
|
| 650 | 0 |
_aBohemianism — New York (State) — New York — History — 20th century. _926780 |
|
| 650 | 0 |
_aBowery (New York, N.Y.) — History — 20th century. _926779 |
|
| 650 | 0 |
_aArtists’ studios — New York (State) — New York — History. _926778 |
|
| 942 | _2lcc | ||
| 999 |
_c5375 _d5375 |
||